LEADER 01314nam a2200265 u 4500 001 000000106744 003 CaOOAMICUS 005 20070906124213.0 008 070906s1994 it u000 u ita u 020 $a88-8066-110-8 040 $aPUL$bita$dPG 100 1 $aVannicelli, Luigi,$d1934-$0(OLS)http://pul/name/37328 245 10$aNeofederalismo unitario e pluralismo interconfessionale :$bprofili giuridici comparati : anno accademico 1994-95 /$cLuigi Vannicelli . 260 $aRoma :$bEuroma - La Goliardica,$c[1994] 300 $a193 p. ;$c23 cm. 504 $aInclude riferimenti bibliografici. 650 14$aFederalismo.$0(OLS)http://pul/subject/14850 850 $aPUL 852 $aPUL$W1$xSL Diritto e Scienze Sociali 3$y79$m321. 02 VANLU 1$j120743$qDDC 21$B119949$CPULBib$Z2$F119949 $H104718 $82 852 $aPUL$W1$xDP1 Fondo G. Barberini$y122$m4 H 40$j177906$qFondi$B181098$CPULBib$Z2$F181098 $HBar1147 $81 941 1 $a9 941 1 $a1 996 $6020$a88-8066-110-8$9(OLS)http://pul/number/135475 996 $6245$aNeofederalismo unitario e pluralismo interconfessionale :$bprofili giuridici comparati : anno accademico 1994-95$9(OLS)http://pul/title/134392 996 $6260$aRoma :$bEuroma - La Goliardica$9(OLS)http://pul/publisher/49251 LEADER 01301nam a2200277 a 4500 001 000000112781 003 CaOOAMICUS 005 20080721102743.0 008 080721s2008 it 000 u ita r 020 $z978-88-13-28286-8* 040 $aPUL$bita$dLDB 245 03$aIl processo tributario /$ca cura di Eugenio Della Valle, Valerio Ficari, Giuseppe Marini. 260 $aPadova :$bCEDAM,$cc2008. 300 $axlviii, 640 p. ;$c24 cm. +$eCD-Rom 504 $aBibliografia in nota. 650 14$aProcesso tributario.$0(OLS)http://pul/subject/33605 700 1 $aMarini, Giuseppe.$0(OLS)http://pul/name/69474 700 1 $aDella Valle, Eugenio.$0(OLS)http://pul/name/69472 700 1 $aFicari, Valerio.$0(OLS)http://pul/name/69473 850 $aPUL 852 $aPUL$W1$xSL Diritto e Scienze Sociali 3$y79$m343. 04 DELEU 1$j129022$qDDC 21$B127989$CPULBib$Z2$F127989 $H107755 $82 852 $aPUL$W1$xSL Diritto e Scienze Sociali 3$y79$m343. 04 DELEU 1CD$j129023$aCD-Rom$qDDC 21$B127990$CPULBib$Z2$F127990 $H107756 $82 941 1 $a9 996 $6020$z978-88-13-28286-8*$9(OLS)http://pul/number/138520 996 $6245$aIl processo tributario$9(OLS)http://pul/title/137268 996 $6260$aPadova :$bCEDAM$9(OLS)http://pul/publisher/48126